The Influence of Manganese Amount in Oxyhydroxide of Aluminium – Precursor of MnOx-Al2O3 Catalysts on Catalytic Activity in Reaction of Oxidation of C1-C3 of Hydrocarbons; Key Engineering Materials; Vol. 670 : Multifunctional Chemical Materials and Technologies

Dades bibliogràfiques
Parent link:Key Engineering Materials: Scientific Journal
Vol. 670 : Multifunctional Chemical Materials and Technologies.— 2015.— [P. 27-32]
Autor corporatiu: Национальный исследовательский Томский политехнический университет (ТПУ) Институт физики высоких технологий (ИФВТ) Кафедра общей химии и химической технологии (ОХХТ), Национальный исследовательский Томский политехнический университет (ТПУ) Институт воды (ИВ) Отдел организации НИОКР (ООНИОКР)
Altres autors: Sidorova O. I. Olga Ivanovna, Galanov S. I. Sergey Ivanovich, Gryaznova E. N. Elena Nikolaevna, Shiyan L. N. Lyudmila Nikolaevna
Sumari:Title screen
The authors have synthesized nanofibrous aluminum oxyhydroxide (AlOOH), modified with different amounts of manganese ions (II), which is the precursor for methane deep oxidation catalysts. It was shown that the catalytic activity of the manganese-based system obtained depends on manganese amount and thermal activation conditions. It is approved that as the catalyst for deep oxidation of hydrocarbons the system with manganese content of 10.5 wt. % is the most perspective despite the fact that the oxidation rate of methane is lower in it than in the catalyst with Mn content of 5.7 wt. %. As opposed to the catalyst with Mn content of 5.7 wt. %., where the aluminium oxide is in metastable form (s-Al2O3), the catalyst with manganese content of 10.5 wt. % contains in its structure a thermodynamically and thermally stable α-Al2O3 phase.
Режим доступа: по договору с организацией-держателем ресурса
Idioma:anglès
Publicat: 2015
Matèries:
Accés en línia:http://dx.doi.org/10.4028/www.scientific.net/KEM.670.27
Format: Electrònic Capítol de llibre
KOHA link:https://koha.lib.tpu.ru/cgi-bin/koha/opac-detail.pl?biblionumber=647731

MARC

LEADER 00000naa2a2200000 4500
001 647731
005 20250620094557.0
035 |a (RuTPU)RU\TPU\network\12883 
090 |a 647731 
100 |a 20160421d2015 k||y0rusy50 ba 
101 0 |a eng 
102 |a US 
135 |a drcn ---uucaa 
181 0 |a i  
182 0 |a b 
200 1 |a The Influence of Manganese Amount in Oxyhydroxide of Aluminium – Precursor of MnOx-Al2O3 Catalysts on Catalytic Activity in Reaction of Oxidation of C1-C3 of Hydrocarbons  |f O. I. Sidorova [et al.] 
203 |a Text  |c electronic 
300 |a Title screen 
330 |a The authors have synthesized nanofibrous aluminum oxyhydroxide (AlOOH), modified with different amounts of manganese ions (II), which is the precursor for methane deep oxidation catalysts. It was shown that the catalytic activity of the manganese-based system obtained depends on manganese amount and thermal activation conditions. It is approved that as the catalyst for deep oxidation of hydrocarbons the system with manganese content of 10.5 wt. % is the most perspective despite the fact that the oxidation rate of methane is lower in it than in the catalyst with Mn content of 5.7 wt. %. As opposed to the catalyst with Mn content of 5.7 wt. %., where the aluminium oxide is in metastable form (s-Al2O3), the catalyst with manganese content of 10.5 wt. % contains in its structure a thermodynamically and thermally stable α-Al2O3 phase. 
333 |a Режим доступа: по договору с организацией-держателем ресурса 
461 1 |0 (RuTPU)RU\TPU\network\11477  |t Key Engineering Materials  |o Scientific Journal 
463 1 |t Vol. 670 : Multifunctional Chemical Materials and Technologies  |v [P. 27-32]  |d 2015 
610 1 |a электронный ресурс 
610 1 |a труды учёных ТПУ 
610 1 |a марганецсодержащие катализаторы 
701 1 |a Sidorova  |b O. I.  |g Olga Ivanovna 
701 1 |a Galanov  |b S. I.  |g Sergey Ivanovich 
701 1 |a Gryaznova  |b E. N.  |c chemical engineer  |c Engineer-researcher of Tomsk Polytechnic University  |f 1987-  |g Elena Nikolaevna  |3 (RuTPU)RU\TPU\pers\31929 
701 1 |a Shiyan  |b L. N.  |c chemist  |c Associate Professor of Tomsk Polytechnic University, Candidate of physical and mathematical sciences  |f 1952-  |g Lyudmila Nikolaevna  |3 (RuTPU)RU\TPU\pers\31523 
712 0 2 |a Национальный исследовательский Томский политехнический университет (ТПУ)  |b Институт физики высоких технологий (ИФВТ)  |b Кафедра общей химии и химической технологии (ОХХТ)  |3 (RuTPU)RU\TPU\col\21253 
712 0 2 |a Национальный исследовательский Томский политехнический университет (ТПУ)  |b Институт воды (ИВ)  |b Отдел организации НИОКР (ООНИОКР)  |3 (RuTPU)RU\TPU\col\21263 
801 2 |a RU  |b 63413507  |c 20160421  |g RCR 
850 |a 63413507 
856 4 |u http://dx.doi.org/10.4028/www.scientific.net/KEM.670.27 
942 |c CF